| 000 | 00609nam a22001937a 4500 | ||
|---|---|---|---|
| 005 | 20231215153051.0 | ||
| 010 | _aENG-138593 | ||
| 020 |
_c595.00 _a9789390649655 |
||
| 035 | _aEN-122125 | ||
| 037 | _bDBAD/PUB | ||
| 082 |
_a519.5 _2First |
||
| 100 |
_aPardeep Kumar _959892 |
||
| 245 |
_aInstant Notes On;STATISTICS/ _cPardeep Kumar |
||
| 250 | _aFirst | ||
| 260 |
_aNew Delhi _bFriends Publications |
||
| 270 |
_bNew Delhi _a101,4787/23,Ansari Road,Darya Ganj, _e110002 _k09811197091 _mfriendspublicationsindia@gmail.com |
||
| 300 |
_a166pg. _c23cm(hb) |
||
| 942 |
_2ddc _cEN _h519.5 _mPra |
||
| 999 |
_c199680 _d199680 |
||